书目信息 |
| 题名: |
艺海风云--王琦回忆录
|
|
| 作者: | 王琦 著 | |
| 分册: | ||
| 出版信息: | 北京 人民美术出版社 1998.01 |
|
| 页数: | 374页 | |
| 开本: | 32开 | |
| 丛书名: | ||
| 单 册: | ||
| 中图分类: | J251 , K825.72 | |
| 科图分类: | ||
| 主题词: | 人物--传记--中国 | |
| 电子资源: | ||
| ISBN: | 7-102-01901-7 | |
| 000 | 00581nam0 2200205 45 | |
| 001 | 0008181671 | |
| 005 | 20091218154851.25 | |
| 010 | @a7-102-01901-7@d40.00元 | |
| 100 | @a20000818d1998 km y0chiy0120 ea | |
| 101 | 0 | @achi |
| 105 | @a z 000yy | |
| 200 | 1 | @a艺海风云--王琦回忆录@AYi Hai Feng Yun--Wang Qi Hui Yi Lu@f王琦著@FWang Qi Zhu |
| 210 | @a北京@c人民美术出版社@d1998.01 | |
| 215 | @a374页@d32开 | |
| 606 | 0 | @a人物@x传记@x中国 |
| 690 | @aJ251@v3 | |
| 690 | @aK825.72@v4 | |
| 701 | 0 | @a王琦@4著 |
| 801 | @aCN@bPftUser@c20091218 | |
| 905 | @b111054-056@dK825.72@eW313@f3 | |
| 艺海风云--王琦回忆录/王琦著.-北京:人民美术出版社,1998.01 |
| 374页;32开 |
| ISBN 7-102-01901-7:40.00元 |
| ● |
| 相关链接 |
|
|
|
正题名:艺海风云--王琦回忆录
索取号:K825.72/W313
 
预约/预借
| 序号 | 登录号 | 条形码 | 馆藏地/架位号 | 状态 | 备注 |
| 1 | 111054 | 201110546 | 社科库309/309社科库 54排2列1层/ [索取号:K825.72/W313] | 在馆 | |
| 2 | 111055 | 201110555 | 社科库309/309社科库 54排2列1层/ [索取号:K825.72/W313] | 在馆 | |
| 3 | 111056 | 201110564 | 社科库309/309社科库 54排2列1层/ [索取号:K825.72/W313] | 在馆 |